Statystyki dla Tajemnice różańca

Kliknij tutaj aby rozwiązać quiz!

Ogólne statystyki

  • Ten quiz został rozwiązany 344 razy
  • Średni wynik to 14 z 20

Statystyki odpowiedzi

HintOdpowiedź% Poprawnych
Nawiedzenie Świętej Elżbiety
87%
Tajemnice radosneZwiastowanie Najświętszej Maryi Pannie
83%
Narodzenie Pana Jezusa
82%
Odnalezienie Pana Jezusa w świątyni
78%
Ofiarowanie Pana Jezusa w świątyni
78%
Tajemnice światłaChrzest Pana Jezusa w Jordanie
77%
Biczowanie Pana Jezusa
74%
Zesłanie Ducha Świętego
73%
Tajemnice chwalebneZmartwychwstanie Pana Jezusa
73%
Wniebowstąpienie Pana Jezusa
70%
Tajemnice bolesneModlitwa Pana Jezusa w Ogrójcu
68%
Ustanowienie Eucharystii
68%
Cierniem ukoronowanie Pana Jezusa
65%
Wniebowzięcie Najświętszej Maryi Panny
64%
Dźwiganie krzyża na Kalwarię
59%
Ukrzyżowanie i śmierć Pana Jezusa
59%
Ukoronowanie Maryi na Królową nieba i ziemi
58%
Przemienienie Pańskie na Górze Tabor
57%
Głoszenie Królestwa i wzywanie do nawrócenia
53%
Objawienie się Pana Jezusa w Kanie Galilejskiej
53%

Rozkład punktacji

Percentyl według liczby udzielonych odpowiedzi

Procent ludzi z każdym wynikiem

Twoja historia wyników

Nie rozwiązałeś tego quizu